000 00622nam a2200205Ia 4500
001 22577
003 GE_BSU
008 181216s||||||||xx |||||||||||||| ||und||
040 _cGE_BSU
080 _a02
100 _aგაიპარაშვილი,ზ. გიორგაძე, თ., და სხვ.
245 _aსაბიბლიოთეკო საქმე.
260 _aთბილისი
260 _c2015
300 _a229გვ. ; 30სმ.
541 _h7ლ.65თ.
653 _aსაბიბლიოთეკო საქმე.
653 _aქსეროქსი
942 _cBK
999 _c55495
_d55495